000
00221nam a22000857a 4500
008
161101b xxu||||| |||| 00| 0 eng d
100
_9
1013
_a
Verma.H.C.
245
_a
Physics-IX
260
_a
New Delhi
_b
Bharathi Publications
_c
2011
999
_c
3673
_d
3673